000 00522nam a22001937a 4500
003 KOHA_MİRAKIL
005 20250417172008.0
008 250417b tu ||||| |||| 00| 0 tur d
020 _a9789944612463
040 _aTR-AnABB
_btur
_cTR-AnABB
041 _atur
082 _a943.086
_bORT 2018
100 1 _aOrtner, Helmut,
245 1 0 _aSuikastçı /
_cHelmut Ortner
260 _aİstanbul :
_bTekin Yayınevi,
_c2018
300 _a198 sayfa ;
_c21 cm
650 0 4 _aAlman edebiyatı, roman
942 _2ddc
_cBK
999 _c8777
_d8777
900 _bGizem YORULMAZ